|
|
|
|
| LEADER |
00636pam a2200205 i 4500 |
| 020 |
|
|
|a 0721676820
|
| 082 |
0 |
0 |
|a 596/.01
|b ROM/VE
|
| 100 |
1 |
|
|a Romer, Alfred Sherwood,
|
| 245 |
1 |
4 |
|a Vertebrate body :
|
| 250 |
|
|
|a 5th ed.
|
| 260 |
|
|
|a Philadelphia :
|b Saunders,
|c 1978.
|
| 300 |
|
|
|a vi, 476 p. :
|b ill. ;
|
| 500 |
|
|
|a Includes index.
|
| 650 |
|
0 |
|a Vertebrates
|
| 650 |
|
2 |
|a Anatomy, Comparative.
|
| 650 |
|
2 |
|a Vertebrates
|
| 700 |
1 |
|
|a Parsons, Thomas Sturges,
|
| 942 |
|
|
|c BK
|
| 999 |
|
|
|c 7672
|d 7672
|
| 952 |
|
|
|0 0
|1 0
|4 0
|6 596_000000000000000__01_ROM_VE
|7 0
|8 NFIC
|9 10048
|a KUFOS
|b KUFOS
|c GEN
|d 2016-06-29
|o 596/.01 ROM/VE
|p 01218
|r 2016-06-29
|w 2016-06-29
|y BK
|